1828 1321 1981 1666 1805 1511 1764 1641 1899 1899 1759 1985 1077 1630 1072 1914 1201 1813 1679 1434 1110 1499 1558 1960 1103 1174 1600 1322 1828 1898 1791 1799 1045 1173 1090 1207 1553 1074 1846 1568 1892 1811 1901 1168 1084 1627 1877 1866 1037 1646 1647 1330 1560 1312 1439 1354 1623 1822 1296 1251 1056 1254 1304 1856 1159 1471 1354 1007 1205 1320 1200 1975 1839 1347 1788 1515 1476 1778 1891 1122 1134 1858 1394 1404 1184 1244 1397 1208 1015 1371 1152 1648 1656 1409 1059 1597 1125 1684 1318 BCNSPRNW ULIB Ver.6.0+V

เปลี่ยนเป็นภาษาไทย

Change to English
 แสดงรายละเอียดบรรณานุกรม
  กลับหน้าหลัก

Brief Record : Get Marc (ISO 2709) : E-mail record : QR code < ปิดหน้าต่าง
LEADER : 00000nam 2200000uu 4500
001    13399121441
003     ULIB
008    020711s2551 th a 000 0 tha d
020    9789744263766
090    นว.^bอ111ห
100    อารานิคัส
110    เลมอนกรีน
245    หากเธอเป็นจันทร์...ฉันขอเป็นดาว /^cอารานิคัส
260    กรุงเทพฯ :^bเลมอนกรีน,^c2551
300    220 หน้า
710    Lamongreen
945    ^p169^l0^i15297
999    ^aทศพร เกษรทอง
รายการนี้ยังไม่มีแท็ก
คุณยังไม่ได้ล็อกอิน คุณสามารถมีกิจกรรมร่วมกับเว็บไซต์ได้ แต่ต้องล็อกอินก่อน ::
  ล็อกอิน

รายการสื่อสารสนเทศ

ลำดับที่ ประเภท เลขเรียก/บาร์โค้ด สถานที่ สถานะ
1. นวนิยาย
นวนิยาย
นว. อ111ห ฉ.1 
  Barcode: 15297
ห้องสมุดวิทยาเขตสวรรค์ประชารักษ์
►นวนิยาย
บนชั้น
  ขอยืม

BibComment


ยังไม่เคยถูกคอมเมนท์

คอมเมนท์ทรัพยากรรายการนี้
  คอมเมนท์: หากเธอเป็นจันทร์ฉ..


 Copyright 2026. Bcnsprnw @Library